Education Society and Livelihood (Record no. 210424)

MARC details
000 -LEADER
fixed length control field 00492nam a22001817a 4500
005 - DATE AND TIME OF LATEST TRANSACTION
control field 20250429164303.0
010 ## - LCCN (DPL NO)
LC control number ENG-144125
020 ## - INTERNATIONAL STANDARD BOOK NUMBER
International Standard Book Number 9788195345366
Terms of availability 1500.00
035 ## - SYSTEM CONTROL NUMBER
System control number EN-127657
037 ## - SOURCE OF ACQUISITION
Source of stock number/acquisition DBAD
082 ## - DEWEY DECIMAL CLASSIFICATION NUMBER
Classification number 370.115
Edition number 1
245 ## - TITLE STATEMENT
Title Education Society and Livelihood
Statement of responsibility, etc Apurba Ranjan Dutta
260 ## - PUBLICATION, DISTRIBUTION, ETC. (IMPRINT)
Place of publication, distribution, etc Assam
Name of publisher, distributor, etc Mohendra Nath Bora
Date of publication, distribution, etc 2024
270 ## - ADDRESS
Address Golaghat
City Assam
300 ## - PHYSICAL DESCRIPTION
Extent xv,431p
Dimensions 21 cm(Pb)
760 ## - MAIN SERIES ENTRY
Edition 1
942 ## - ADDED ENTRY ELEMENTS (KOHA)
Source of classification or shelving scheme Dewey Decimal Classification
Item type English Books
Classification part 370.115
Call number suffix DUT
Edition 1
Holdings
Withdrawn status Lost status Not for loan Collection code Home library Current library Date acquired Source of acquisition Cost, normal purchase price Full call number Barcode Cost, replacement price Koha item type
      Non-fiction Patel Nagar Patel Nagar 21/03/2025 Delivery of Books Act Division 1500.00 370.115 DUT EN-127657 1500.00 English Books

© Delhi Public Library
Hit Counter
free hit counter